00726nam a22002535i 450000100090000000300050000900500170001400800410003101000170007202000180008903800120010704000230011904200080014208200180015010000180016824501230018625000170030926300090032626400430033530000130037833600260039133700280041733800270044518712819NUST20200827101725.0150723s2015 mau 000 0 eng  a 2015947526 a9781305635104 aMSOHAIL aDLCbengerdacDLC apcc a620.0014bING1 aIngre, David.10aEngineering communication :ba practical guide to workplace communications for engineers /cDavid Ingre, Robert Basil. a2nd edition. a1511 1aBoston, MA :bCengage Learning,c2015. apages cm atextbtxt2rdacontent aunmediatedbn2rdamedia avolumebnc2rdacarrier